Formación y declive del estado señorial de Bernat de Sarrià en el Reino de Valencia : (finales del siglo XIII-1335) /

Detalles Bibliográficos
Autor principal: Cabezuelo Pliego, José Vicente (Autor)
Formato: Electrónico eBook
Lenguaje:español
Publicado: Madrid : Consejo Superior de Investigaciones Científicas, 2023.
Colección:Anuario de estudios medievales. Anejo ; 84.
Materias:
Acceso en línea:Digitalia Hispánica

MARC

LEADER 00000nam a2200000 i 4500
001 DIGCSIC0705
003 NyNyDIG
007 cr |||||||||||
008 240115s2023 sp ob 000 0 spa d
006 m o d
035 |a (OCoLC)1417820854 
040 |a DGITA  |b eng  |e rda  |e pn  |c DGITA 
020 |a 9788400111724  |q eBook 
020 |z 9788400111717 
024 7 |a 833‑23‑092‑6  |q eNIPO  |2 nipo 
024 7 |z 833‑23‑091‑0  |2 nipo 
043 |a e-sp--- 
050 1 4 |a JN8142 ebook 
100 1 |a Cabezuelo Pliego, José Vicente,  |e author. 
245 1 0 |a Formación y declive del estado señorial de Bernat de Sarrià en el Reino de Valencia :  |b (finales del siglo XIII-1335) /  |c José Vicente Cabezuelo Pliego. 
264 1 |a Madrid :  |b Consejo Superior de Investigaciones Científicas,  |c 2023. 
300 |a 1 online resource. 
336 |a text  |b txt  |2 rdacontent 
337 |a computer  |b c  |2 rdamedia 
338 |a online resource  |b cr  |2 rdacarrier 
347 |a text file  |2 rdaft 
347 |b PDF 
490 1 |a Anejos del Anuario de Estudios Medievales ;  |v 84 
504 |a Includes bibliographical references. 
588 0 |a Online resource; title from PDF title page (Digitalia, viewed January 15, 2024) 
650 0 |a Manorial extents  |z Spain  |z Valencia (Region)  |x History. 
600 1 0 |a Sarrià, Bernat de,  |d -1335. 
651 0 |a Valencia (Kingdom)  |x History. 
791 2 |a Digitalia (Firm),  |e distributor. 
793 0 |g Digitalia eBook Collection:  |a Editorial CSIC 
776 0 8 |i Print version:  |a Cabezuelo Pliego, José Vicente.  |t Formación y declive del estado señorial de Bernat de Sarrià en el Reino de Valencia.  |d Madrid : Consejo Superior de Investigaciones Científicas, [2023]  |z 9788400111717 
830 0 |a Anuario de estudios medievales.  |p Anejo ;  |v 84. 
856 4 0 |3 Digitalia Hispánica  |u https://www.digitaliapublishing.com/a/131922/ 
910 |a Premium collection: 2024